<?xml version='1.0' encoding='UTF-8'?><?xml-stylesheet href='static/style.xsl' type='text/xsl'?><OAI-PMH xmlns="http://www.openarchives.org/OAI/2.0/" xmlns:xsi="http://www.w3.org/2001/XMLSchema-instance" xsi:schemaLocation="http://www.openarchives.org/OAI/2.0/ http://www.openarchives.org/OAI/2.0/OAI-PMH.xsd"><responseDate>2026-04-30T19:13:16Z</responseDate><request verb="GetRecord" identifier="oai:ebiltegia.mondragon.edu:20.500.11984/1897" metadataPrefix="marc">https://ebiltegia.mondragon.edu/oai/request</request><GetRecord><record><header><identifier>oai:ebiltegia.mondragon.edu:20.500.11984/1897</identifier><datestamp>2024-04-15T15:46:51Z</datestamp><setSpec>com_20.500.11984_460</setSpec><setSpec>col_20.500.11984_469</setSpec></header><metadata><record xmlns="http://www.loc.gov/MARC21/slim" xmlns:dcterms="http://purl.org/dc/terms/" xmlns:xsi="http://www.w3.org/2001/XMLSchema-instance" xmlns:doc="http://www.lyncode.com/xoai" xsi:schemaLocation="http://www.loc.gov/MARC21/slim http://www.loc.gov/standards/marcxml/schema/MARC21slim.xsd">
   <leader>00925njm 22002777a 4500</leader>
   <datafield ind2=" " ind1=" " tag="042">
      <subfield code="a">dc</subfield>
   </datafield>
   <datafield ind2=" " ind1=" " tag="720">
      <subfield code="a">Marquínez González, José Ignacio</subfield>
      <subfield code="e">author</subfield>
   </datafield>
   <datafield ind2=" " ind1=" " tag="260">
      <subfield code="c">2008</subfield>
   </datafield>
   <datafield ind2=" " ind1=" " tag="520">
      <subfield code="a">El rectificado sin centros es un proceso de fabricación que permite obtener acabados de gran precisión con altos ratios de productividad. Sin embargo, debido a su especial forma de trabajo es especialmente susceptible a las vibraciones autoinducidas y a las inestabilidades de origen geométrico.&#xd;
&#xd;
Se han desarrollado varios modelos matemáticos que predicen la aparición de las inestabilidades de origen geométrico tanto para el rectificado sin centros en pasante como en penetración. Dicho modelo ha sido implementado en MATLAB para su posterior simulación tanto en el dominiode la frecuencia como en el del tiempo. Como resultado de dicha simulación, se han obtenido mapas de estabilidad para una amplia gama de configuraciones de máquina que reflejan claramente zonas de trabajo libres de inestabilidades. Asimismo, de la simulación temporal se han obtenido gráficos que reflejan la evolución que sigue el error de redondez durante el rectificado, de manera que, a partir de una configuración concreta y de un error de redondez inicial, se puede cuantificar cuál va a ser el error final de la pieza.</subfield>
   </datafield>
   <datafield ind1="8" ind2=" " tag="024">
      <subfield code="a">https://katalogoa.mondragon.edu/janium-bin/janium_login_opac.pl?find&amp;ficha_no=71633</subfield>
   </datafield>
   <datafield ind1="8" ind2=" " tag="024">
      <subfield code="a">https://hdl.handle.net/20.500.11984/1897</subfield>
   </datafield>
   <datafield tag="653" ind2=" " ind1=" ">
      <subfield code="a">Ingeniería y tecnología mecánicas</subfield>
   </datafield>
   <datafield tag="653" ind2=" " ind1=" ">
      <subfield code="a">Rectificado sin centros</subfield>
   </datafield>
   <datafield tag="653" ind2=" " ind1=" ">
      <subfield code="a">Simulación por ordenador</subfield>
   </datafield>
   <datafield ind2="0" ind1="0" tag="245">
      <subfield code="a">Supresión de las inestabilidades de origen geométrico en el rectificado sin centros mediante nuevas técnicas de simulación</subfield>
   </datafield>
</record></metadata></record></GetRecord></OAI-PMH>